MDQL
is popping MORE tags! Check the
thread
!
Quizzes
Events
Quiz Creation
Community
Videos
Private Events
Remove Ads
Sign In
Join for FREE
Feedback
Dark Mode
Quiz Categories
Sports
Geography
Music
Movies
Television
Just For Fun
Miscellaneous
History
Literature
Language
Science
Gaming
Entertainment
Religion
Holiday
For Kids
Quiz Lab
Recent
Popular Today
Quiz Kudos Today
Editor Picks
Curator Picks
Quizzes by...
Day
Popularity
Type
Ratings
Length
Year
Community
Subscriptions
Recent Discussions
Orange Saloon
Badges
Playlists
Quests
Create
Leaderboards
Showdown
Live 5
Trivia Bingo
Activity
Puzzle Library
Sporcle Events
Private Events
Virtual Trivia
Globe League
Become a Host
Pub Owners
SporcleCon
Opinionation
Our Games
Videos
Blog
Mobile Apps
Partnerships
Remove Ads and Go Orange
Feedback
Sports
Athletes
MLB
NBA
NHL
NFL
Soccer
Sports Teams
WWE
NCAA
Football
Premier League
Basketball
Baseball
Hockey
Golf
Tennis
Cricket
Rugby
Auto Racing
Olympics
World Cup
Sports
Athletes
MLB
NBA
NHL
NFL
Soccer
Sports Teams
WWE
NCAA
Football
Premier League
Basketball
Baseball
Hockey
Golf
Tennis
Cricket
Rugby
Auto Racing
Olympics
World Cup
Random Quiz
Search Sporcle
×
Quiz Lab
Quiz Lab
Sports
NBA
Type in answers that appear in a list
Type in answers that appear in a list
Classic
Best Score? Go Orange.
NBA Top 10 Assist/Turnover Ratio (2000's) Stats
Can you name the NBA Top 10 Assist/Turnover Ratio (2000's)....(Think point guards and backup point guards)?
By
mgogol
10m
120 Questions
3,178 Plays
3,178 Plays
3,178 Plays
Comments
Comments
Give Quiz Kudos
Give Quiz Kudos
-
- Ratings
hide this ad
More Info
Replay
Link that replays current quiz
Next Quiz
Link to next quiz in quiz playlist
You Got
0%
They Got
Avg Score
50%
Avg Friend Score
Upgrade to see
Score Distribution
Jump to the score distribution portion of the page
Score
0/120
Timer
10:00
0
Plays Today
Year
Player
% Correct
2010-
11
Chris Paul
94.9%
2009-
10
Chris Paul
94.9%
2008-
09
Chris Paul
94.9%
2007-
08
Chris Paul
94.9%
2006-
07
Chris Paul
94.9%
2005-
06
Chris Paul
94.9%
2010-
11
Jason Kidd
93.9%
2009-
10
Jason Kidd
93.9%
2008-
09
Jason Kidd
93.9%
2006-
07
Jason Kidd
93.9%
2005-
06
Jason Kidd
93.9%
2004-
05
Jason Kidd
93.9%
2010-
11
Steve Nash
92.6%
2006-
07
Steve Nash
92.6%
2005-
06
Steve Nash
92.6%
2004-
05
Steve Nash
92.6%
2003-
04
Steve Nash
92.6%
2002-
03
Steve Nash
92.6%
2010-
11
Rajon Rondo
86.4%
2009-
10
Rajon Rondo
86.4%
2008-
09
Rajon Rondo
86.4%
2009-
10
Deron Williams
84.3%
2008-
09
Deron Williams
84.3%
2009-
10
Jason Williams
84.1%
2007-
08
Jason Williams
84.1%
2006-
07
Jason Williams
84.1%
2003-
04
Jason Williams
84.1%
2002-
03
Jason Williams
84.1%
2002-
03
Alvin Williams
83.9%
2000-
01
Alvin Williams
83.9%
2010-
11
Jose Calderon
78.5%
2009-
10
Jose Calderon
78.5%
2008-
09
Jose Calderon
78.5%
2007-
08
Jose Calderon
78.5%
2006-
07
Jose Calderon
78.5%
2007-
08
Chauncey Billups
76.8%
2006-
07
Chauncey Billups
76.8%
2005-
06
Chauncey Billups
76.8%
2001-
02
Chauncey Billups
76.8%
2006-
07
Gary Payton
74.1%
Year
Player
% Correct
2003-
04
Gary Payton
74.1%
2002-
03
Gary Payton
74.1%
2001-
02
Gary Payton
74.1%
1999-
00
Gary Payton
74.1%
2008-
09
Derek Fisher
70.6%
2002-
03
Derek Fisher
70.6%
2001-
02
Andre Miller
69.6%
2003-
04
Reggie Miller
69.3%
2005-
06
Baron Davis
67.5%
2010-
11
Mike Bibby
65.6%
2009-
10
Mike Bibby
65.6%
2008-
09
Mike Bibby
65.6%
2002-
03
John Stockton
62.9%
2000-
01
John Stockton
62.9%
1999-
00
John Stockton
62.9%
2001-
02
Mark Jackson
58%
2000-
01
Mark Jackson
58%
1999-
00
Mark Jackson
58%
2001-
02
Avery Johnson
56.6%
2000-
01
Avery Johnson
56.6%
1999-
00
Avery Johnson
56.6%
2010-
11
Kyle Lowry
52.4%
2005-
06
Luke Ridnour
42.3%
2010-
11
D.J. Augustin
39.2%
2004-
05
Eric Snow
38.8%
2003-
04
Eric Snow
38.8%
1999-
00
Eric Snow
38.8%
2001-
02
Damon Stoudamire
38.8%
2007-
08
Brevin Knight
38.5%
2006-
07
Brevin Knight
38.5%
2005-
06
Brevin Knight
38.5%
2004-
05
Brevin Knight
38.5%
2004-
05
Damon Jones
38.4%
2003-
04
Damon Jones
38.4%
2010-
11
Andre Iguodala
37.5%
1999-
00
Tim Hardaway
33.9%
2009-
10
Chris Duhon
31%
2007-
08
Chris Duhon
31%
2005-
06
Chris Duhon
31%
2004-
05
Chris Duhon
31%
Year
Player
% Correct
2008-
09
Rafer Alston
30.6%
2003-
04
Rafer Alston
30.6%
2008-
09
Steve Blake
29.2%
2007-
08
Steve Blake
29.2%
2006-
07
Steve Blake
29.2%
2005-
06
Steve Blake
29.2%
2000-
01
Terrell Brandon
25.1%
1999-
00
Terrell Brandon
25.1%
2009-
10
Carlos Arroyo
23.5%
2008-
09
Ramon Sessions
20.4%
2001-
02
Kenny Anderson
18%
1999-
00
Muggsy Bogues
14.9%
2002-
03
Charlie Ward
14.4%
2003-
04
Earl Boykins
13.2%
2002-
03
Earl Boykins
13.2%
2009-
10
Eric Maynor
12.9%
2007-
08
Antonio Daniels
12.9%
2006-
07
Antonio Daniels
12.9%
2005-
06
Antonio Daniels
12.9%
2004-
05
Antonio Daniels
12.9%
2003-
04
Antonio Daniels
12.9%
2004-
05
Jeff McInnis
11.6%
2003-
04
Jeff McInnis
11.6%
2001-
02
Jeff McInnis
11.6%
2000-
01
Jeff McInnis
11.6%
2000-
01
Mookie Blaylock
9.4%
1999-
00
Mookie Blaylock
9.4%
2001-
02
Travis Best
9.3%
2000-
01
Travis Best
9.3%
2002-
03
Tyronn Lue
7.5%
2007-
08
Sebastian Telfair
6.5%
2010-
11
Keyon Dooling
6.4%
2000-
01
Nick Van Exel
3.8%
2001-
02
Chris Whitney
3.6%
2002-
03
Kevin Ollie
3%
1999-
00
Dan Majerle
2%
2004-
05
Jason Hart
1.9%
2000-
01
Fred Hoiberg
1.6%
2007-
08
Travis Diener
1.3%
2004-
05
Rick Brunson
0.9%
Quiz Playlist
Details
Report
Send in Message
Add To Playlist
More Info:
Think point guards people
Classic:
Type in answers that appear in a list
Last Updated: Feb 16, 2017
Quiz Scoreboard
CHALLENGE
Sign Up to Join the Scoreboard
Show All
Scores
Hide
Comments
May contain spoilers
Recently Published
Find the 'City' Movie
by crazypaving
Movies
60s
5x2 Blitz: Bands
by SL_Kpop136
Music
30s
Colored Red Africa Blitz
by spor1
Geography
30s
More to Explore
Quiz From the Vault
Featured Blog Post
14 Easter Pick-up Lines to Find Eggs With
hide this ad
You Might Also Like...
Tags
Basketball Quiz
NBA Quiz
assist
Assist Leaders
Point Guards
Scoring
Scoring Leaders
Turnover
Turnover Ratio
Today's Top Quizzes in Sports
Browse Sports
hide this ad
Today's Top Quizzes in NBA
Browse NBA
Top Contributed Quizzes in Sports
1
Players with Multiple 50 Home Run Seasons
2
Criteria MLB: Left Handed Sluggers
3
MLB Players with Two .350 Batting Average Seasons
4
Who Hit More Homers?
5
Premier League Clubs since 2000 (minefield)
6
Who Needs Fielders?
7
2020 F1 Drivers Logic Puzzle
8
Les entraîneurs de l'OM et du PSG au 21e siècle
9
Top 10 NHL Goal Scorers of All Time
10
MLB Hall of Famer by Rings
Explore More
Trending Topics
Disney
NBA
Crossword
Kpop
Marvel
Harry Potter
Anime
Puzzle
WWE
NFL
Pokémon
Soccer
Country
Song
The Office
hide this ad
More By:
mgogol
Quiz
Plays
Rating
Category
Featured
Created
NBA 50-40-90 Club
11,250
3.98
Sports
Mar 30, 2011
NFL Top 10 Receiving Yards (2000's) - UPDATED
9,709
4.13
Sports
Feb 23, 2011
NBA PLAYOFFS 25+ Points Off The Bench (2000s)
8,651
4.26
Sports
May 16, 2012
NBA Triple-Doubles Since 2001/02
7,746
4.55
Sports
Mar 24, 2011
MLB Teammates with 90+ RBI (2006-2010)
7,212
4.47
Sports
Mar 21, 2011
Go to Creator's Profile
Score Distribution
Quiz Creator Spotlight
mgogol
Follow
Send a Message
Quizzes Created
-
Created Quiz Play Count
-
More By This Creator
Popular Quizzes Today
1
Colored Red Africa Blitz
2
Find the 'City' Movie
3
5x2 Blitz: Bands
4
Find the US States - No Outlines Minefield
5
The Countries of the World
6
Find the US States
7
9x9 Crossword: Cartoon Network
8
US States
More Sports Quizzes
Tim Duncan's Top Scoring teammates per season
Quiz Lab
Trending Quizzes
Colored Red Europe Blitz I
Colored Red Africa Blitz II
Colored Red Africa Blitz III
Colored Red Europe Blitz III
Colored Red Europe Blitz II
Recently Updated
Champions League XIs: Real Madrid
pecheneg
Largest US Cities 1790-2010
pecheneg
Rides in Walt Disney World
pecheneg
Most Oscar Losses (Acting)
pecheneg
Beyoncé Albums
pecheneg
Leaping Animals
pecheneg
Reality TV Shows (A-Z)
bhenderson79
Rickey Henderson's Hall of Fame Teammates
pecheneg
Champions League XIs: Arsenal
pecheneg
Quick Pick: Celebrities in WWE's Hall of Fame
aduchscher
Trending Topics
Marvel
Harry Potter
Kpop
NBA
Disney
Anime
Crossword
The Office
Song
Puzzle
Country
NFL
Pokémon
Soccer
WWE
Your Account Isn't Verified!
In order to create a playlist on Sporcle, you need to verify the email address you used during registration. Go to your
Sporcle Settings
to finish the process.
Report this User
Report this user for behavior that violates our
Community Guidelines
.
Details:
Send Report
Go to the Sporcle.com Mobile Site →
Comments